[Event "Provincial-ch Xixona Preferente"]
[Site "Xixona"]
[Date "2012.11.03"]
[Round "4"]
[White "Beltra Mayoral, Miguel Angel"]
[Black "Galiana Fernandez, Adrian"]
[Result "1-0"]
[WhiteElo "1713"]
[BlackElo "1477"]
[PlyCount "49"]
[EventDate "2012.10.06"]
[EventType "swiss"]
[EventRounds "7"]
[EventCountry "ESP"]
[SourceTitle "EXT 2024"]
[Source "ChessBase"]
[SourceDate "2023.10.10"]
[SourceVersion "1"]
[SourceVersionDate "2023.10.10"]
[SourceQuality "1"]

1. e4 c5 2. Nc3 e6 3. f4 d5 4. Bb5+ Bd7 5. Bxd7+ Qxd7 6. d3 d4 7. Nce2 Nc6 8. Nf3 Nf6 9. 0-0 Be7 10. a3 0-0 11. h3 Rad8 12. Qe1 Qc7 13. g4 e5 14. f5 Nd7 15. Qg3 Rfe8 16. g5 f6 17. gxf6 Bxf6 18. Ng5 Nf8 19. h4 Rd6 20. Kh1 b5 21. h5 h6 22. Nf3 c4 23. Bxh6 cxd3 24. cxd3 a5 25. Bd2 1-0

[Event "Provincial-ch Elche Preferente"]
[Site "Valencia"]
[Date "2011.11.26"]
[Round "7"]
[White "Canicio Navarro, Sonia"]
[Black "Beltra Mayoral, Miguel Angel"]
[Result "1-0"]
[WhiteElo "1873"]
[BlackElo "1658"]
[PlyCount "47"]
[EventDate "2011.10.01"]
[EventType "swiss"]
[EventRounds "7"]
[EventCountry "ESP"]
[SourceTitle "EXT 2024"]
[Source "ChessBase"]
[SourceDate "2023.10.10"]
[SourceVersion "1"]
[SourceVersionDate "2023.10.10"]
[SourceQuality "1"]

1. d4 Nf6 2. Bf4 e6 3. e3 b6 4. Nf3 Bb7 5. Be2 Be7 6. a3 d6 7. Bg3 Nbd7 8. Nc3 h6 9. h3 Ne4 10. Nxe4 Bxe4 11. Rc1 Nf6 12. Bb5+ c6 13. Bd3 Qd7 14. c3 0-0-0 15. c4 g5 16. c5 Bxd3 17. Qxd3 Nh5 18. Bxd6 Bxd6 19. cxd6 f6 20. Qg6 Qe8 21. Qxe8 Rhxe8 22. Rxc6+ Kb8 23. Kd2 Rc8 24. d7 1-0